000
00278nam a2200121 a 4500
008
101208s1988|||| d
245
1
0
_a
Obrazy
100
1
_a
Štraus, Dušan
041
_a
slo
044
_a
xo
_c
SK
260
_b
Duklianske tlačiarne
_a
Prešov
_c
1988
020
_c
10
999
_c
14893
_d
14893